Statistics for Knowledge of Europe

Click here to take the quiz!

General Stats

  • This quiz has been taken 18 times
  • The average score is 7 of 8

Answer Stats

QuestionAnswer% Correct
What was the cause of WW1Assassination of Franz Ferdinand
100%
When did Germany invade Poland in WW21939
93%
What type of government was Italy in WW2Fascist
93%
Who was Winston Churchill the leader ofUK
93%
When did Russia begin their invasion of Ukraine2022
86%
What is the capital of TurkeyAnkara
86%
What is the main religion of BelarusOrthodox Christian
86%
Who was the last member to leave the Soviet UnionKazachstan
43%

Score Distribution

Percentile by Number Answered

Percent of People with Each Score

Your Score History

You have not taken this quiz